UBT Library

Business Connecting Principles to Practice (Record no. 56673)

000 -LEADER
fixed length control field 00338nam a22001457a 4500
008 - FIXED-LENGTH DATA ELEMENTS--GENERAL INFORMATION
fixed length control field 210322b ||||| |||| 00| 0 eng d
020 ## - INTERNATIONAL STANDARD BOOK NUMBER
International Standard Book Number 9780078023149
041 ## - LANGUAGE CODE
Language code of text/sound track or separate title eng
080 ## - UNIVERSAL DECIMAL CLASSIFICATION NUMBER
Edition identifier 2nd
Universal Decimal Classification number 33
082 ## - DEWEY DECIMAL CLASSIFICATION NUMBER
Classification number 33
100 ## - Rafti
Rafti 58
101 ## - Shkurtesa
Shkurtesa BIZ
245 ## - TITLE STATEMENT
Title Business Connecting Principles to Practice
Statement of responsibility, etc Nickles, W. G
942 ## - ADDED ENTRY ELEMENTS (KOHA)
Source of classification or shelving scheme
Item type Books
Holdings
Withdrawn status Lost status Source of classification or shelving scheme Damaged status Not for loan Collection code Permanent location Current location Shelving location Date acquired Total Checkouts Full call number Barcode Date last seen Price effective from Koha item type
          Koleksioni i përgjithshem UBT - Lipjan UBT - Lipjan Koleksioni i përgjithshem 03/22/2021   33 NIC 002-7001481 03/22/2021 03/22/2021 Books
UBT Library © 2015-2024. All rights reserved University Education for Business and Technology